Commercial bank management / (Record no. 75881)

MARC details
000 -LEADER
fixed length control field 00693nam a22002177a 4500
005 - DATE AND TIME OF LATEST TRANSACTION
control field 20130527123005.0
010 ## - LCCN (DPL NO)
LC control number ENG-107219
020 ## - INTERNATIONAL STANDARD BOOK NUMBER
International Standard Book Number 9781259004773
Terms of availability 495.00
020 ## - INTERNATIONAL STANDARD BOOK NUMBER
International Standard Book Number 1259004775
Terms of availability 495.00
035 ## - SYSTEM CONTROL NUMBER
System control number EN-90752
037 ## - SOURCE OF ACQUISITION
Source of stock number/acquisition DBAD/PUB
082 ## - DEWEY DECIMAL CLASSIFICATION NUMBER
Classification number 332.17
100 ## - MAIN ENTRY--PERSONAL NAME
Personal name Kanhaiya Singh
245 ## - TITLE STATEMENT
Title Commercial bank management /
Statement of responsibility, etc by Kanhaiya Singh [and] Vinay Kumar Dutta
260 ## - PUBLICATION, DISTRIBUTION, ETC. (IMPRINT)
Place of publication, distribution, etc New Delhi
Name of publisher, distributor, etc tata McGraw Hill
Date of publication, distribution, etc 2013
270 ## - ADDRESS
Address P-24, Green Park Extension
City New Delhi
Postal code 110016
300 ## - PHYSICAL DESCRIPTION
Extent xvii, 582p. :
Other physical details ill.
Dimensions 24cm(pbk)
500 ## - GENERAL NOTE
General note Includes bibliographical references and index
700 ## - ADDED ENTRY--PERSONAL NAME
Personal name Dutta, Vinay Kumar
942 ## - ADDED ENTRY ELEMENTS (KOHA)
Source of classification or shelving scheme Dewey Decimal Classification
Item type English Books
Classification part 332.17
Call number suffix KAN
Holdings
Withdrawn status Lost status Not for loan Collection code Home library Current library Date acquired Source of acquisition Cost, normal purchase price Full call number Barcode Copy number Cost, replacement price Koha item type
    Not For Loan Non-fiction D.B.Act.Division D.B.Act.Division 22/05/2013 DBAD/PUB 495.00 332.17 KAN EN-90752 1 495.00 English Books

© Delhi Public Library
Hit Counter
free hit counter